Stati che confinano con la Croazia - Statistics

Statistiche generali
  • Questo quiz è stato fatto 25 volte
  • Il punteggio medio è 4 su 5
Statistiche sulle risposte
Superficie (km²) Popolazione (ab.) Lunghezza confine (km) Stato % Corretto
78 000 7 001 444 217 Serbia
95%
51 209 3 791 622 932 Bosnia ed Erzegovina
91%
20 273 2 113 548 670 Slovenia
91%
93 030 9 709 891 329 Ungheria
86%
13 812 620 739 25 Montenegro
82%
Nessun quiz corrispondente trovato
Distribuzione punteggi
Percentuale di utenti per punteggio
Percentile per numero di risposta
I tuoi punteggi nel tempo
Non hai fatto questo quiz